Name the Drunkest Countries - Statistics

General Stats
  • This quiz has been taken 50 times
  • The average score is 17 of 25
Answer Stats
Amount (gal./person) Answer % Correct
3.53 United Kingdom
95%
4.16 Russia
93%
3.38 Germany
90%
3.81 Ireland
88%
3.61 France
85%
3.50 Netherlands
83%
4.35 Czech Republic
75%
3.30 Latvia
73%
4.01 Slovenia
73%
4.00 Belarus
70%
4.11 Estonia
70%
3.31 Finland
70%
3.52 Slovakia
70%
4.12 Ukraine
70%
3.53 Denmark
68%
3.97 Lithuania
68%
3.50 Austria
65%
4.04 Romania
65%
3.99 Croatia
63%
3.84 Portugal
63%
4.30 Hungary
60%
4.81 Moldova
58%
3.44 Luxembourg
45%
4.09 Andorra
38%
3.91 South Korea
28%
No matching quizzes found
Score Distribution
Percent of People with Each Score
Percentile by Number Answered
Your Score History
You have not taken this quiz